000 00366nam a2200133 i 4500
001 28848
003 ES-MaACL
005 20230906153934.0
007 t|
008 030120s1918 it ||||1| spa d
245 0 3 _aLa barbarie austriaca contra las iglesias italianas.
260 _aFlorencia :
_bIstituto Micrografico Italiano,
_c[1918]
852 _aES-MaACL
_j1523-F-5
999 _c28848
_d28848